| 000 | 00653nam a2200265Ia 4500 | ||
|---|---|---|---|
| 003 | OSt | ||
| 005 | 20221007110053.0 | ||
| 006 | a|||||r|||| 00| 0 | ||
| 007 | ta | ||
| 008 | 221006b |||||||| |||| 00| 0 eng d | ||
| 024 | _a20,297 | ||
| 037 | _cTextual | ||
| 040 |
_aLCO _cLCO _beng |
||
| 041 |
_2eng _aeng |
||
| 082 | _aZ2,122, L1 | ||
| 100 | _aTolstoy D. | ||
| 245 | 0 | _aDivorce | |
| 250 | _a7th | ||
| 260 |
_aLondon _bSweet & Maxwell UK _c1971 |
||
| 300 | _a627 | ||
| 650 |
_aDIVORCE _9467082 |
||
| 700 |
_a Kenworthy C. _9707091 |
||
| 942 |
_hZ2,122, L1 _cTEXL |
||
| 999 |
_c1189860 _d1189860 |
||